[Event "Edmonton op qual 10th"]
[Site "Edmonton"]
[Date "2015.05.02"]
[Round "3"]
[White "Pfeffer, Gerald"]
[Black "Smith, Mark"]
[Result "1/2-1/2"]
[WhiteElo "1627"]
[BlackElo "2166"]
[PlyCount "125"]
[EventDate "2015.05.02"]
[EventType "swiss"]
[EventRounds "5"]
[EventCountry "CAN"]
[SourceTitle "EXT 2017"]
[Source "ChessBase"]
[SourceDate "2016.10.25"]
[SourceVersion "1"]
[SourceVersionDate "2016.10.25"]
[SourceQuality "1"]

1. e4 c6 2. d4 d5 3. Nc3 dxe4 4. Nxe4 Nf6 5. Ng3 Bg4 6. Be2 Bxe2 7. N1xe2 e6 8. Bg5 Qa5+ 9. Qd2 Qxd2+ 10. Bxd2 Bd6 11. Bf4 Bxf4 12. Nxf4 a5 13. 0-0 b5 14. Rfe1 0-0 15. Ne4 Nbd7 16. Nxf6+ Nxf6 17. Nd3 Rfd8 18. c3 Rd5 19. Re5 Nd7 20. Rxd5 cxd5 21. h3 Kf8 22. f4 Ke7 23. Re1 Kd6 24. g4 f6 25. Kg2 Re8 26. h4 e5 27. fxe5+ fxe5 28. dxe5+ Nxe5 29. Nxe5 Rxe5 30. Rf1 Re2+ 31. Rf2 Re7 32. Rf4 Re4 33. Kf3 Re1 34. Kg3 Rg1+ 35. Kf3 Rb1 36. Ke3 Ke6 37. Rf2 b4 38. Kd4 Re1 39. Kd3 Re4 40. Re2 bxc3 41. bxc3 Rxe2 42. Kxe2 Kd6 43. Kd3 a4 44. c4 Kc5 45. cxd5 Kxd5 46. a3 g6 47. Kc3 h5 48. gxh5 gxh5 49. Kb4 Kd4 50. Kxa4 Kc4 51. Ka5 Kc5 52. Ka6 Kc6 53. a4 Kc5 54. Kb7 Kb4 55. Kc6 Kxa4 56. Kd5 Kb5 57. Ke5 Kc5 58. Kf5 Kd5 59. Kg5 Ke5 60. Kxh5 Kf5 61. Kh6 Kf6 62. Kh7 Kf7 63. h5 1/2-1/2